<?xml version="1.0" encoding="UTF-8"?>
<record
    xmlns:xsi="http://www.w3.org/2001/XMLSchema-instance"
    xsi:schemaLocation="http://www.loc.gov/MARC21/slim http://www.loc.gov/standards/marcxml/schema/MARC21slim.xsd"
    xmlns="http://www.loc.gov/MARC21/slim">

  <leader>01031nam a2200181Ia 4500</leader>
  <controlfield tag="008">090122s9999    xx            000 0 und d</controlfield>
  <datafield tag="082" ind1=" " ind2=" ">
    <subfield code="b">13874</subfield>
    <subfield code="a">808.899</subfield>
  </datafield>
  <datafield tag="100" ind1=" " ind2=" ">
    <subfield code="a">&#x926;&#x93E;&#x924;&#x947;</subfield>
    <subfield code="b">&#x939;&#x947;&#x92E;&#x902;&#x924;</subfield>
  </datafield>
  <datafield tag="245" ind1=" " ind2=" ">
    <subfield code="a">&#x928;&#x93F;&#x938;&#x930;&#x94D;&#x917; &#x92C;&#x94B;&#x932;&#x924;&#x94B;&#x92F;  &#x92D;&#x93E;&#x917; 2 (&#x92A;&#x915;&#x94D;&#x937;&#x940; &#x906;&#x923;&#x93F; &#x938;&#x943;&#x937;&#x94D;&#x91F;&#x940; &#x92C;&#x926;&#x94D;&#x935;&#x926;&#x932;&#x91A;&#x940; &#x935;&#x93F;&#x91C;&#x94D;&#x91E;&#x93E;&#x928; &#x92A;&#x94D;&#x930;&#x936;&#x94D;&#x930;&#x94D;&#x928;&#x94B;&#x924;&#x94D;&#x924;&#x930;&#x947;)</subfield>
  </datafield>
  <datafield tag="260" ind1=" " ind2=" ">
    <subfield code="b">&#x92B;&#x941;&#x932;&#x930;&#x93E;&#x923;&#x940;</subfield>
    <subfield code="c">2004</subfield>
  </datafield>
  <datafield tag="300" ind1=" " ind2=" ">
    <subfield code="a">44</subfield>
  </datafield>
  <datafield tag="501" ind1=" " ind2=" ">
    <subfield code="a">"236 - 02/12/2008 &#x92B;&#x941;&#x932;&#x930;&#x93E;&#x923;&#x940; &#x92A;&#x94D;&#x930;&#x915;&#x93E;&#x936;&#x928;,&#x920;&#x93E;&#x923;&#x947;"</subfield>
  </datafield>
  <datafield tag="600" ind1=" " ind2=" ">
    <subfield code="a">&#x926;&#x93E;&#x924;&#x947;</subfield>
  </datafield>
  <datafield tag="630" ind1=" " ind2=" ">
    <subfield code="a">&#x928;&#x93F;&#x938;&#x930;&#x94D;&#x917; &#x92C;&#x94B;&#x932;&#x924;&#x94B;&#x92F;  &#x92D;&#x93E;&#x917; 2 (&#x92A;&#x915;&#x94D;&#x937;&#x940; &#x906;&#x923;&#x93F; &#x938;&#x943;&#x937;&#x94D;&#x91F;&#x940; &#x92C;&#x926;&#x94D;&#x935;&#x926;&#x932;&#x91A;&#x940; &#x935;&#x93F;&#x91C;&#x94D;&#x91E;&#x93E;&#x928; &#x92A;&#x94D;&#x930;&#x936;&#x94D;&#x930;&#x94D;&#x928;&#x94B;&#x924;&#x94D;&#x924;&#x930;&#x947;)</subfield>
  </datafield>
  <datafield tag="700" ind1=" " ind2=" ">
    <subfield code="a">&#x926;&#x93E;&#x924;&#x947;</subfield>
  </datafield>
  <datafield tag="730" ind1=" " ind2=" ">
    <subfield code="a">&#x928;&#x93F;&#x938;&#x930;&#x94D;&#x917; &#x92C;&#x94B;&#x932;&#x924;&#x94B;&#x92F;  &#x92D;&#x93E;&#x917; 2 (&#x92A;&#x915;&#x94D;&#x937;&#x940; &#x906;&#x923;&#x93F; &#x938;&#x943;&#x937;&#x94D;&#x91F;&#x940; &#x92C;&#x926;&#x94D;&#x935;&#x926;&#x932;&#x91A;&#x940; &#x935;&#x93F;&#x91C;&#x94D;&#x91E;&#x93E;&#x928; &#x92A;&#x94D;&#x930;&#x936;&#x94D;&#x930;&#x94D;&#x928;&#x94B;&#x924;&#x94D;&#x924;&#x930;&#x947;)</subfield>
  </datafield>
  <datafield tag="942" ind1=" " ind2=" ">
    <subfield code="c">BOOK</subfield>
  </datafield>
  <datafield tag="999" ind1=" " ind2=" ">
    <subfield code="c">37951</subfield>
    <subfield code="d">37951</subfield>
  </datafield>
  <datafield tag="952" ind1=" " ind2=" ">
    <subfield code="0">0</subfield>
    <subfield code="1">0</subfield>
    <subfield code="4">0</subfield>
    <subfield code="7">0</subfield>
    <subfield code="a">DOMGRANTH</subfield>
    <subfield code="b">DOMGRANTH</subfield>
    <subfield code="d">2009-01-22</subfield>
    <subfield code="e">"236 - 02/12/2008 &#x92B;&#x941;&#x932;&#x930;&#x93E;&#x923;&#x940; &#x92A;&#x94D;&#x930;&#x915;&#x93E;&#x936;&#x928;,&#x920;&#x93E;&#x923;&#x947;"</subfield>
    <subfield code="g">30.00</subfield>
    <subfield code="l">0</subfield>
    <subfield code="o">13874</subfield>
    <subfield code="p">DOM-13874</subfield>
    <subfield code="r">2009-01-22 00:00:00</subfield>
    <subfield code="t">1</subfield>
    <subfield code="v">30.00</subfield>
    <subfield code="w">2009-01-22</subfield>
    <subfield code="y">BOOK</subfield>
  </datafield>
</record>
